| 000 | 00501nam a22001697a 4500 | ||
|---|---|---|---|
| 020 | _a9789385098048 | ||
| 082 |
_aS200 7 _bRAM/A.1 |
||
| 100 | _aRamji Upadhyay | ||
| 245 |
_aAdhunik Sanskrit Natak Part 1(naye tattya: naya itihaas)/ _cby Ramji Upadhyay |
||
| 260 |
_aVaranasi: _bChaukhamba Vidya Bhavan, _c2020. |
||
| 300 | _a551p. | ||
| 490 | _aVidya Bhavan Prachyavidya Granthamala; 36 | ||
| 650 | _aDrama Sanskrit Study | ||
| 650 | _aLiterature Sanskrit | ||
| 650 | _aLiterature | ||
| 942 | _cBK | ||
| 999 |
_c181283 _d181283 |
||